000 00629nam a2200193Ia 4500
005 20251020182549.0
008 200515s9999 xx 000 0 und d
082 _aG8.2.05/C1/650
110 _aColegio de Ingenieros del Perú
245 0 _aLa rehabilitación y el mantenimiento de las carreteras del Perú, Parte 1
260 _aLima
260 _c1992
300 _a275
520 _aPavimentos de concreto, rehabilitación de pavimentos flexibles con delgadas capas de hormigón con armadura estructural, rehabilitación de carreteras
650 _aCARRETERAS
650 _aLIB
650 _aPAVIMENTOS
942 _cLIB
999 _c2668
_d2668